000 01792nam a2200361 i 4500
003 DO-SdBNP
005 20250314135644.0
007 ta
008 220210b2019 dr ||||| |||| 00| j spa d
020 _a9789945443622 (serie)
020 _a9789945582802
040 _aDO-SdBNP
_bspa
_cBNPHU
_erda
041 _hspa
082 4 _aRD863.44
_bV145d
_222
100 1 _aValdez, Pedro Antonio,
_d1968-
_eautor
_922509
_4aut.
245 1 _aDominicanos /
_cPedro Antonio Valdez ; prólogo, José Alcántara Almánzar.
264 _aSanto Domingo :
_bBanco Central de la República Dominicana,
_c©2019.
300 _a143 páginas ;
_c23 cm.
336 _atexto
_btxt
_2rdacontent
337 _asin mediación
_bn
_2rdamedia
338 _avolumen
_bnc
_2rdacarrier
490 _aColección del Banco Central de la República Dominicana ;
_v264
490 _aSerie Arte y Literatura ;
_v98
500 _aIncluye datos biográficos del autor en las solapas.
505 _aPrólogo --
_tAdvertencia --
_tRelación acerca de la ruina de la Concepción --
_tEl mundo es algo chico, LIbrado --
_tRamonón ganador, o cómo cambiar un billete de lotería sin que te pelen en el intento --
_tEl sofá --
_tMi cadáver predilecto --
_tEl voto --
_tContrapunto: Luis Vargas vs. Frédéric Chopin
_tEl ladrón Amado --
_tLa muerte y el niño --
_tCarretera en el polvo --
_tColección del Banco Central de la República Dominicana.
590 _aInventariado, 2022 /LP
650 4 _aCuentos dominicanos
650 4 _aLiteratura dominicana
700 1 _aAlcántara Almánzar, José,
_d1946-
_eprologuista
_97018
_4pr.
830 0 _aColección del Banco Central de la República Dominicana ;
_n264, 98
_pSerie Arte y Literatura
_987190
910 _aLopérez./Validado. Control de calidad MFF
942 _2ddc
_cLBS1
999 _c51403
_d51403